000 00286nam a2200121Ia 4500
005 20251222152717.0
008 251222s9999||||xx |||||||||||||| ||spa||
020 _a9786124716300
082 _a869.570.38/V39
100 _aVela Tuesta, Jania
245 0 _aSelva Misteriosa
942 _cLIB
999 _c29429
_d29429